000 00701nam a22002177a 4500
003 OSt
005 20230726100130.0
008 221006b |||||||| |||| 00| 0 eng d
040 _cBiblioteca Lado V
082 _a708
_bG725d
100 _9912
_aGozzini, Cristina
_eautora
245 _aDiagrama/
260 _bCentro Cultural de EspaƱa
_c2007
_aEl Salvador
300 _c17x17cm
_a24p.
366 _espa
650 _2Tesauro de Arte & Arquitectura
_aARTE
_9703
650 _2Tesauro de Arte & Arquitectura
_aEXPOSICION
_9702
650 _2Tesauro de Arte & Arquitectura
_aCATALOGO
651 _2Tesauro de Arte & Arquitectura
_aEL SALVADOR
942 _2ddc
_c1
_h708
_iG725d
_n0
999 _c4088
_d4088